Mechanical metallurgy (Record no. 25704)

000 -LEADER
fixed length control field 00503nam a22001937a 4500
001 - CONTROL NUMBER
control field 25704
003 - CONTROL NUMBER IDENTIFIER
control field BD-DhUET
008 - FIXED-LENGTH DATA ELEMENTS--GENERAL INFORMATION
fixed length control field 150516b xxu||||| |||| 00| 0 eng d
040 ## - CATALOGING SOURCE
Transcribing agency 0
Modifying agency BD-DhUET
082 ## - DEWEY DECIMAL CLASSIFICATION NUMBER
Classification number 669.94
Item number DIE/1961
100 ## - MAIN ENTRY--PERSONAL NAME
Personal name Dieter, E. George
245 ## - TITLE STATEMENT
Title Mechanical metallurgy
250 ## - EDITION STATEMENT
Edition statement 1st ed.
260 ## - PUBLICATION, DISTRIBUTION, ETC. (IMPRINT)
Place of publication, distribution, etc. London
Name of publisher, distributor, etc. McGraw-Hill
Date of publication, distribution, etc. 1961
300 ## - PHYSICAL DESCRIPTION
Extent xix, 615p.
Other physical details ill
490 ## - SERIES STATEMENT
Series statement Metallurgy and metallurgical engineering series
650 #0 - SUBJECT ADDED ENTRY--TOPICAL TERM
Topical term or geographic name as entry element Strength of materials
942 ## - ADDED ENTRY ELEMENTS (KOHA)
Koha item type General Book
Holdings
Not for loan Damaged status Sublocation or collection (holding branch) Date acquired Source of classification or shelving scheme Piece designation (barcode) Lost status Shelving location Koha out on loan Koha full call number Koha date last borrowed Copy number Koha item type Price effective from Location (home branch) Koha issues (times borrowed) Koha date last seen Withdrawn status Koha normalized classification for sorting
  Central Library, BUET2015-05-16 7380 Circulation section 669.94/DIE/1961 1General Book2015-05-16Central Library, BUET 2015-05-16 669_940000000000000_DIE_1961
  Central Library, BUET2015-05-16 20408 Circulation section 669.94/DIE/1961 2General Book2015-05-16Central Library, BUET 2015-05-16 669_940000000000000_DIE_1961
  Central Library, BUET2015-05-16 11400 Circulation section 669.94/DIE/1961 3General Book2015-05-16Central Library, BUET 2015-05-16 669_940000000000000_DIE_1961
  Central Library, BUET2015-05-16 31952 Circulation section 669.94/DIE/1961 4General Book2015-05-16Central Library, BUET 2015-05-16 669_940000000000000_DIE_1961
  Central Library, BUET2015-05-19 31933 Circulation section 669.94/DIE/1961 5General Book2015-05-19Central Library, BUET 2015-05-19 669_940000000000000_DIE_1961
  Central Library, BUET2015-05-20 54704 Circulation section 669.94/DIE/19612024-03-046General Book2015-05-20Central Library, BUET22024-05-26 669_940000000000000_DIE_1961
  Central Library, BUET2015-05-21 24464 Circulation section 669.94/DIE/1961 7General Book2015-05-21Central Library, BUET 2015-05-21 669_940000000000000_DIE_1961
  Central Library, BUET2015-05-21 20407 Circulation section 669.94/DIE/19612018-08-088General Book2015-05-21Central Library, BUET12018-10-06 669_940000000000000_DIE_1961
  Central Library, BUET2015-05-23 31936 Circulation section 669.94/DIE/1961 9General Book2015-05-23Central Library, BUET 2017-03-11 669_940000000000000_DIE_1961
  Central Library, BUET2015-05-23 31935 Circulation section2025-05-14669.94/DIE/19612025-04-3010General Book2015-05-23Central Library, BUET12025-04-30 669_940000000000000_DIE_1961
  Central Library, BUET2015-06-17 24463 Reading section 669.94/DIE/1961 11General Book2015-06-17Central Library, BUET 2015-06-17 669_940000000000000_DIE_1961
  Central Library, BUET2015-06-27 36043 Reading section 669.94/DIE/1961 12Reading Item2015-06-27Central Library, BUET 2015-06-27 669_940000000000000_DIE_1961